| 000 | 00479ntaaa2200193 4500 | ||
|---|---|---|---|
| 003 | 01 | ||
| 005 | 20251027202619.0 | ||
| 008 | 0714s1973 ag 01 | ||
| 040 |
_aAR-BaBN _bspa _cAR-BaBN _eaacr _dRIC |
||
| 082 | _a370.1500 F83 | ||
| 100 |
_aFox, Charles _925425 |
||
| 245 | _aEducational psychology | ||
| 250 | _a1 ed. | ||
| 260 |
_aLondon : _bRoutlede Kegan Paul, _cc1925 |
||
| 300 | _a388 p | ||
| 650 |
_apsicología educacional _97618 |
||
| 650 | _aeducación | ||
| 942 | _cBK | ||
| 999 |
_c21279 _d21279 |
||